01505cam a22002771 450000100060000000300080000600500170001400800390003103500190007004000320008904100080012108200220012924500930015126000590024430000390030350400200034250502950036265000310065765000290068870000230071794200120074099900170075295201470076995201530091695201580106912964BD-RjUL20211208235401.0140130m1956 ne a 001 0 eng a(BD-RjUL)13014 aDLCcDLCdDLCdBD-RjULbeng aeng00a547bCHE 195322300aChemistry of carbon compounds :ba modern comprehensive treatise /cedited by E.H. Rodd. aAmsterdam ;aNew York :bElsevier Pub. Co.,c1952-1956 axvi, 1462 p. : billus. ;c23 cm. aIncludes index.1 av. 1. pt. A General introduction and aliphatic compounds. pt. B. Aliphatic compounds.--v. 2. Alicyclic compounds.pt. B. Alicyclic compounds. pt. D Steroids. --v. 4. pt. A. Heterocyclic compounds. pt. B. Heterocyclic compounds. pt. C. Heterocyclic compounds. pt. E. Heterocyclic compounds. 0aChemistry, Organic.940406 0aCarbon compounds.9319441 aRodd, E. H.934919 2ddccBK c12964d12964 00102ddc40718NFICaRUCLbRUCLcReadingd1957-09-20ePublisher United LTD.g8.00l0o547 CHE 1956r2014-01-30 00:00:00tC-1w2021-12-08yBK 00102ddc40718NFICaRUCLbRUCLcReadingd1957-09-20ePublishers Ltd.g93.70l0o547 CHE V-2(Pt-B) 1953r2017-05-15 00:00:00tC-1w2017-05-15yBK 00102ddc40718NFICaRUCLbRUCLcReadingd1957-09-20ePublisher United LTD.g93.70l0o547 CHE V-1(Pt-B) 1952r2017-05-15 00:00:00tC-1w2017-05-15yBK